书目信息 |
| 题名: |
住宅室内装修设计与施工
|
|
| 作者: | 骆中钊 , 张仪彬 编著 | |
| 分册: | ||
| 出版信息: | 北京 中国电力出版社 2009.01 |
|
| 页数: | 320页 | |
| 开本: | 26cm | |
| 丛书名: | ||
| 单 册: | ||
| 中图分类: | TU767 | |
| 科图分类: | ||
| 主题词: | 住宅--zhu zhai--室内装修 | |
| 电子资源: | ||
| ISBN: | 978-7-5083-7699-8 | |
| 000 | 00909nam0 2200253 450 | |
| 001 | 012009092469 | |
| 005 | 20090430144553.48 | |
| 010 | @a978-7-5083-7699-8@dCNY48.00 | |
| 100 | @a20090430d2009 em y0chi0120 ea | |
| 101 | 0 | @achi |
| 102 | @aCN@b110000 | |
| 105 | @aa a 000yy | |
| 106 | @ar | |
| 200 | 1 | @a住宅室内装修设计与施工@Azhu zhai shi nei zhuang xiu she ji yu shi gong@f骆中钊, 张仪彬编著@Fluo zhong zhao,zhang yi bin bian zhu |
| 210 | @a北京@c中国电力出版社@d2009.01 | |
| 215 | @a320页@c图@d26cm | |
| 320 | @a有书目 (第320页) | |
| 330 | @a本书从介绍住宅室内空间的特性和布局入手,阐述了住宅室内装修的设计方法、概预算编制、材料种类和应用、施工质量控制、施工安全措施等内容。 | |
| 606 | 0 | @a住宅@Azhu zhai@x室内装修 |
| 690 | @aTU767@v4 | |
| 701 | 0 | @a骆中钊@Aluo zhong zhao@4编著 |
| 701 | 0 | @a张仪彬@Azhang yi bin@4编著 |
| 801 | 0 | @aCN@bQSSK@c20090430 |
| 905 | @b740792-94@dTU767@eL993@f3 | |
| 住宅室内装修设计与施工/骆中钊, 张仪彬编著.-北京:中国电力出版社,2009.01 |
| 320页:图;26cm |
| ISBN 978-7-5083-7699-8:CNY48.00 |
| 本书从介绍住宅室内空间的特性和布局入手,阐述了住宅室内装修的设计方法、概预算编制、材料种类和应用、施工质量控制、施工安全措施等内容。 |
| ● |
| 相关链接 |
|
|
|
正题名:住宅室内装修设计与施工
索取号:TU767/L993
 
预约/预借
| 序号 | 登录号 | 条形码 | 馆藏地/架位号 | 状态 | 备注 |
| 1 | 740792 | 207407929 | 建筑库201/201建筑库 76排2列2层/ [索取号:TU767/L993] | 在馆 | |
| 2 | 740793 | 207407938 | 建筑库201/201建筑库 76排2列2层/ [索取号:TU767/L993] | 在馆 | |
| 3 | 740794 | 207407947 | 建筑库201/201建筑库 76排2列2层/ [索取号:TU767/L993] | 在馆 |